[Event "Nova Gorica op 22nd"]
[Site "Nova Gorica"]
[Date "2017.01.30"]
[Round "6"]
[White "Meglic, Jaka"]
[Black "Srebrnic, Vojko"]
[Result "1-0"]
[WhiteElo "1965"]
[BlackElo "2088"]
[PlyCount "223"]
[EventDate "2017.01.27"]
[EventType "swiss"]
[EventRounds "9"]
[EventCountry "SLO"]
[SourceTitle "CBM 176 Extra"]
[Source "ChessBase"]
[SourceDate "2017.03.02"]
[SourceVersion "1"]
[SourceVersionDate "2017.03.02"]
[SourceQuality "1"]

1. e4 c5 2. Nf3 g6 3. d4 cxd4 4. Nxd4 Bg7 5. Nc3 Nc6 6. Be3 Nf6 7. Bc4 Qa5 8. 0-0 0-0 9. Bb3 d6 10. h3 Bd7 11. Re1 Rad8 12. Qd2 Rfe8 13. Rad1 Nxd4 14. Bxd4 Bc6 15. Nd5 Qxd2 16. Rxd2 Nd7 17. c3 b6 18. Nc7 Rf8 19. Bd5 Nb8 20. Bxc6 Nxc6 21. Nd5 Rc8 22. Bxg7 Kxg7 23. c4 f6 24. b3 Kf7 25. f3 Rfd8 26. Kf2 Rb8 27. Rc1 Rdc8 28. Ke3 h5 29. g3 Rg8 30. Rh2 Rbc8 31. Rd2 g5 32. Rf2 Ne5 33. Rfc2 Nd7 34. Nc3 Rh8 35. Nd5 Nc5 36. Nc3 Ne6 37. Nd5 Nc5 38. Nc3 Ke6 39. Nd5 Kd7 40. Rd1 Ke6 41. Rdc1 Rhf8 42. Re1 Kd7 43. Kd4 e6 44. Nc3 Ke7 45. Ke3 f5 46. Rd2 fxe4 47. Nxe4 Nxe4 48. Kxe4 Rf5 49. Ke3 b5 50. Red1 Rc6 51. cxb5 Rxb5 52. Rd4 Re5+ 53. Kf2 Rf5 54. R1d2 d5 55. g4 hxg4 56. hxg4 Rf8 57. R2d3 Kd6 58. b4 Rh8 59. Kg2 Rc2+ 60. Rd2 Rhc8 61. a4 Rxd2+ 62. Rxd2 Rc4 63. Rb2 d4 64. Kf2 Kd5 65. a5 a6 66. b5 axb5 67. Rxb5+ Kd6 68. Rxg5 Rc2+ 69. Ke1 Ra2 70. Rb5 Ra3 71. Ke2 Re3+ 72. Kf2 Ra3 73. f4 Ke7 74. Rb7+ Kf6 75. Rb5 Kg6 76. Rb6 Kf7 77. a6 Ke7 78. Rb7+ Kf6 79. a7 Kg6 80. Ke2 Kf6 81. Kd2 Kg6 82. Kc2 d3+ 83. Kd2 Kf6 84. Ke3 Kg6 85. Rb6 Kf7 86. Rb7+ Kg6 87. Rd7 Kf6 88. g5+ Kg6 89. Re7 Kh5 90. Rh7+ Kg6 91. Re7 Kh5 92. Rxe6 Rxa7 93. Kxd3 Kg4 94. Rf6 Re7 95. Kd4 Kh5 96. Kd5 Re8 97. Kd6 Re1 98. Rf5 Kg6 99. Re5 Rd1+ 100. Ke7 Ra1 101. Re6+ Kg7 102. f5 Ra7+ 103. Kd6 Ra6+ 104. Ke5 Ra5+ 105. Kf4 Ra1 106. Re7+ Kg8 107. f6 Ra5 108. Kg4 Kf8 109. Rb7 Kg8 110. Kh5 Kh8 111. Kg6 Ra8 112. Rh7+ 1-0

[Event "Nova Gorica op 22nd"]
[Site "Nova Gorica"]
[Date "2017.01.28"]
[Round "2"]
[White "Mazzini, Katarina"]
[Black "Meglic, Jaka"]
[Result "0-1"]
[WhiteElo "1656"]
[BlackElo "1965"]
[PlyCount "108"]
[EventDate "2017.01.27"]
[EventType "swiss"]
[EventRounds "9"]
[EventCountry "SLO"]
[SourceTitle "CBM 176 Extra"]
[Source "ChessBase"]
[SourceDate "2017.03.02"]
[SourceVersion "1"]
[SourceVersionDate "2017.03.02"]
[SourceQuality "1"]

1. e4 c5 2. Nf3 g6 3. Nc3 Bg7 4. Bc4 Nc6 5. 0-0 d6 6. h3 e6 7. Bb5 Bd7 8. d3 Nge7 9. Nh2 0-0 10. Bf4 Nd4 11. a4 Bxb5 12. axb5 Qd7 13. Nf3 e5 14. Be3 Nxb5 15. Nxb5 Qxb5 16. Rb1 a5 17. Qd2 Nc6 18. Bh6 a4 19. Nh2 Qa5 20. Qc1 Nd4 21. Kh1 f5 22. Bxg7 Kxg7 23. Qg5 Qd8 24. Qd2 f4 25. Rfd1 f3 26. g3 h5 27. c3 Ne6 28. Qe3 Qg5 29. Qd2 b5 30. Nf1 h4 31. g4 Qxd2 32. Rxd2 Rfb8 33. Ne3 b4 34. cxb4 Rxb4 35. Nc4 Ra6 36. Ra1 Kf6 37. Ne3 Rb3 38. Nd5+ Kf7 39. Kh2 Nd4 40. Nc7 Ra7 41. Nd5 Ke6 42. Kg1 Ne2+ 43. Kh1 a3 44. bxa3 Raxa3 45. Rxa3 Rxa3 46. Kh2 Nc1 47. Rb2 Rb3 48. Rc2 Nxd3 49. Ra2 Nb4 50. Rd2 Nxd5 51. exd5+ Kf6 52. Ra2 Rd3 53. Ra8 Kg5 54. Rf8 c4 0-1

[Event "Nova Gorica op 22nd"]
[Site "Nova Gorica"]
[Date "2017.01.27"]
[Round "1"]
[White "Meglic, Jaka"]
[Black "Kozul, Zdenko"]
[Result "0-1"]
[WhiteElo "1965"]
[BlackElo "2616"]
[PlyCount "66"]
[EventDate "2017.01.27"]
[EventType "swiss"]
[EventRounds "9"]
[EventCountry "SLO"]
[SourceTitle "CBM 176 Extra"]
[Source "ChessBase"]
[SourceDate "2017.03.02"]
[SourceVersion "1"]
[SourceVersionDate "2017.03.02"]
[SourceQuality "1"]

1. e4 c5 2. Nf3 d6 3. d4 cxd4 4. Nxd4 Nf6 5. Nc3 Nc6 6. Be2 e5 7. Nb3 Be7 8. 0-0 0-0 9. Be3 a5 10. a4 Be6 11. Qd2 Rc8 12. Rfd1 Nb4 13. Rac1 Rxc3 14. Qxc3 Nxe4 15. Qe1 Nxc2 16. Rxc2 Bxb3 17. Bd3 Nf6 18. Rcd2 Bxd1 19. Qxd1 d5 20. Bg5 Bb4 21. Rc2 Qd6 22. Bxf6 Qxf6 23. Bb5 Rd8 24. Qe2 e4 25. Rc1 g6 26. g3 h5 27. Kg2 Kg7 28. Rc7 Qb6 29. Qc2 Rd6 30. Rc8 Rf6 31. b3 Qd4 32. Qe2 Bc5 33. Rxc5 Qxc5 0-1

[Event "SLO-chT1 East"]
[Site "Slovenia"]
[Date "2016.09.24"]
[Round "2"]
[White "Juvan, Jaka"]
[Black "Meglic, Jaka"]
[Result "0-1"]
[WhiteElo "1826"]
[BlackElo "1986"]
[PlyCount "59"]
[EventDate "2016.09.23"]
[EventType "team-tourn"]
[EventRounds "9"]
[EventCountry "SLO"]
[SourceTitle "EXT 2019"]
[Source "ChessBase"]
[SourceDate "2018.10.10"]
[SourceVersion "1"]
[SourceVersionDate "2018.10.10"]
[SourceQuality "1"]
[WhiteTeam "Slovenj Gradec"]
[BlackTeam "Pomgrad Radenska II"]
[WhiteTeamCountry "SLO"]
[BlackTeamCountry "SLO"]

1. e4 c5 2. Nf3 Nc6 3. d4 cxd4 4. Nxd4 g6 5. Nc3 Bg7 6. Be3 Nf6 7. Bc4 0-0 8. 0-0 Nxe4 9. Nxe4 d5 10. Nxc6 bxc6 11. Bd3 dxe4 12. Bxe4 Qc7 13. c3 Ba6 14. Re1 Rfd8 15. Qf3 Rac8 16. Bc5 e5 17. h4 f5 18. Bc2 Bc4 19. Bb3 Bd5 20. h5 Qf7 21. hxg6 hxg6 22. Rad1 Bf6 23. Qg3 Kg7 24. Bc2 f4 25. Qg4 Rh8 26. Bf5 Rcd8 27. Be4 Rh4 28. Bxd5 cxd5 29. Qxh4 Bxh4 30. Rxe5 0-1

[Event "Portoroz op 10th"]
[Site "Portoroz"]
[Date "2016.07.29"]
[Round "8"]
[White "Slamar, Velimir"]
[Black "Meglic, Jaka"]
[Result "1-0"]
[WhiteElo "2138"]
[BlackElo "1943"]
[PlyCount "91"]
[EventDate "2016.07.23"]
[EventType "swiss"]
[EventRounds "9"]
[EventCountry "SLO"]
[SourceTitle "CBM 173 Extra"]
[Source "ChessBase"]
[SourceDate "2016.08.29"]
[SourceVersion "1"]
[SourceVersionDate "2016.08.29"]
[SourceQuality "1"]

1. d4 Nf6 2. c4 e6 3. Nc3 Bb4 4. e3 0-0 5. Bd3 d5 6. cxd5 exd5 7. Nge2 c6 8. 0-0 Re8 9. Qc2 Nbd7 10. Bd2 a5 11. Rad1 Qc7 12. Rc1 Qb8 13. Rfd1 Bd6 14. h3 Nb6 15. f3 g6 16. Kh1 Be6 17. e4 Nfd7 18. Bg5 f6 19. Bh4 Kg7 20. Qd2 Rf8 21. Re1 a4 22. a3 Re8 23. Bf2 Bf7 24. Be3 Nf8 25. e5 fxe5 26. dxe5 Bc7 27. f4 Be6 28. Nd4 Qc8 29. Qf2 Nc4 30. Bxc4 dxc4 31. Nxe6+ Qxe6 32. Ne4 b5 33. Ng5 Qc8 34. Rcd1 Rd8 35. Qh4 h6 36. Nf3 Qe6 37. Nd4 Qd5 38. Nf5+ gxf5 39. Rxd5 cxd5 40. Qe7+ Kg8 41. Qxc7 d4 42. Bxd4 Ne6 43. Qc6 Nxd4 44. Qxh6 Re8 45. e6 Rad8 46. Re3 1-0

[Event "Portoroz op 10th"]
[Site "Portoroz"]
[Date "2016.07.27"]
[Round "6"]
[White "Bogdanovski, Zoran"]
[Black "Meglic, Jaka"]
[Result "0-1"]
[WhiteElo "1810"]
[BlackElo "1943"]
[PlyCount "66"]
[EventDate "2016.07.23"]
[EventType "swiss"]
[EventRounds "9"]
[EventCountry "SLO"]
[SourceTitle "CBM 173 Extra"]
[Source "ChessBase"]
[SourceDate "2016.08.29"]
[SourceVersion "1"]
[SourceVersionDate "2016.08.29"]
[SourceQuality "1"]

1. e4 c5 2. Nf3 Nc6 3. d4 cxd4 4. Nxd4 g6 5. c3 Bg7 6. Bb5 Nf6 7. Qc2 Qb6 8. Bxc6 bxc6 9. 0-0 0-0 10. h3 d5 11. exd5 cxd5 12. Be3 Qc7 13. Nd2 Rb8 14. a4 a6 15. Rac1 e5 16. N4b3 Bf5 17. Qd1 Bd3 18. Re1 Nd7 19. Qf3 e4 20. Bf4 Be5 21. Bxe5 Nxe5 22. Qg3 Rfc8 23. c4 Nxc4 24. Qg5 Qd7 25. Nxc4 Bxc4 26. Nd2 Bd3 27. Rcd1 Qf5 28. Qe3 Rxb2 29. Qd4 Rcc2 30. Rb1 Rxb1 31. Rxb1 Qc8 32. Nb3 Rc4 33. Qe5 Bxb1 0-1